Powiaty w województwie małopolskim - nagła śmierć - Statystyki

Ogólne statystyki
  • Ten quiz został rozwiązany 133 razy
    75 od ostatniego zresetowania
  • Średni wynik to 16 z 20
Answers on the Grid
Answers color-coded by a green-red scale on the quiz's grid according to % correct below.
bocheński
brzeski
Bydgoszcz
chodecki
chrzanowski
gołdapski
gorlicki
jędrzejowski
kartuski
Katowice
kętrzyński
kolneński
kościerski
Kraków
krakowski
krośnieński
kutnowski
łaski
limanowski
lwówecki
miechowski
mogileński
myślenicki
nowodworski
nowosądecki
nowotarski
nowotomyski
Nowy Sącz
obornicki
oleśnicki
olkuski
oświęcimski
proszowicki
pszczyński
pyrzycki
sejneński
suski
świdnicki
Świnoujście
Tarnów
tarnowski
tatrzański
trzebnicki
wąbrzeski
wadowicki
wągrowiecki
węgorzewski
Wrocław
Zielona Góra
żniński
 
Statystyki odpowiedzi
Odpowiedź % Poprawnych
bocheński
93%
limanowski
93%
Kraków
90%
krakowski
90%
nowosądecki
90%
nowotarski
90%
myślenicki
87%
tarnowski
87%
tatrzański
87%
Nowy Sącz
83%
oświęcimski
80%
Tarnów
80%
brzeski
77%
chrzanowski
77%
gorlicki
77%
miechowski
77%
proszowicki
77%
wadowicki
77%
olkuski
70%
suski
67%
Nie znaleziono quizów pasujących do podanych kryteriów
Rozkład punktacji
Procent ludzi z każdym wynikiem
Percentyl według liczby udzielonych odpowiedzi
Twoja historia wyników
Nie rozwiązałeś tego quizu od ostatniego zresetowania